000 01233nam0a22002651 4500
001 rc\3339608
005 20260407144641.0
021 _aRU
_b[73-66647]
035 _a(NLR Aleph) 007516709
090 _a7712436
_c7712436
100 _a20130115d1973 |||y0rusy50 ca
101 0 _arus
102 _aRU
105 _ay z |||||
200 1 _aТиповая методика экономической оценки уровня надежности машин
_fГос. ком. стандартов Совета Министров СССР. Всесоюз. науч.-исслед. ин-т стандартизации "ВНИИС" Госстандарта СССР. Харьк. инж.-экон. ин-т "ХИЭИ" М-ва высш. и сред. спец. образования УССР
210 _aМосква
_cБ. и.
_d1973
215 _a18 с.
_d20
320 _aСписок лит.: с. 17-18 (8 назв.)
606 _aМашины
_xНадежность
_xТехнико-экономический анализ
_2psbo
712 0 2 _aВНИИ стандартизации
_3RU\NLR\AUTH\8810020283
_9538563
801 0 _aRU
_bNLR
_gpsbo
801 1 _aRU
_bELAR
_2rusmarc
852 _aNLR
_j73-4/25834
942 _cBOOK
980 _aNB